Ako na budúci rok? Na margo Festivalu divadelnej mladosti

Bibliographic Details
Main Author: Mistrík, Miloš, 1953- (Author)
Format: Article
Language:Slovak
Subjects:

MARC

LEADER 00000nab a2200000 a 4500
001 vtls000003454
003 SK-MaSNL
005 20260303020818.0
008 111103c1978 xo 0 slo
015 |a SNBRB19rr/mm-uuuuu 
035 |a CL0013546 
040 |a SNKBUCL  |b slo  |c SNKBUCL  |e AACR2 
041 0 |a slo 
044 |a xo  |c SK 
080 |a 792  |2 1981 
100 1 |a Mistrík, Miloš,  |d 1953-  |4 aut  |9 103210 
245 1 0 |a Ako na budúci rok?  |b Na margo Festivalu divadelnej mladosti  |c Miloš Mistrík 
650 0 7 |a divadlá  |2 snkbucl  |9 29113 
650 0 7 |a ČSSR  |2 snkbucl  |9 335647 
650 0 7 |a Festival divadelnej mladosti  |2 snkbucl  |9 1001144 
651 7 |a 3301  |2 snkbucl  |9 922222 
655 7 |a články z novín a časopisov  |2 snkbucl  |9 267496 
773 0 |t Pravda  |g Roč. 59, č. 171 (22. 7. 1978), s. 5 
850 |a Slovenská národná knižnica v Martine  |a MTA001 
852 |a SNK  |b KIS3GCP 
958 |a RK 
992 |a RBX 
999 |c 1620008  |d 1621938